Le Ragazze Di Cinquant'anni

Uloženo v:
Podrobná bibliografie
Hlavní autor: Marina Piazza
Médium: Kniha
Jazyk:neznámý jazyk
Vydáno: Saggi Mondatori
Tagy: Přidat tag
Žádné tagy, Buďte první, kdo vytvoří štítek k tomuto záznamu!

MARC

LEADER 00000nam a2200000Ia 4500
001 R-449
003 CODICE-MESSINA
005 20260212102452.0
008 260211s9999 xx 000 0 und d
040 |c importazione_messina 
100 |a Marina Piazza 
245 0 |a Le Ragazze Di Cinquant'anni 
260 |b Saggi Mondatori 
942 |2 ddc  |c BK 
952 |0 0  |1 0  |2 ddc  |4 0  |6 SCAFFALE_4_000000000000000__ROMANZI  |7 0  |9 31269  |a ME  |b ME  |d 2026-02-11  |l 0  |o SCAFFALE 4 - ROMANZI  |p R-449  |r 2026-02-11 23:52:26  |w 2026-02-11  |x [REVISIONARE]  |y BK 
999 |c 26933  |d 26933